Najdłuższe rzeki Europy na wybraną literę #1 - Statystyki

Ogólne statystyki
  • Ten quiz został rozwiązany 14 razy
  • Średni wynik to 4 z 15
Statystyki odpowiedzi
Litera Odpowiedź % Poprawnych
D Dunaj
100%
E Ebro
64%
L Loara
64%
C Cisa
36%
I Inn
36%
N Niemen
36%
M Moza
21%
B Bóbr
14%
K Kama
14%
O Oka
14%
G Garonna
7%
A Adda
0%
F Furta
0%
H Havela
0%
J Júcar
0%
Nie znaleziono quizów pasujących do podanych kryteriów
Rozkład punktacji
Procent ludzi z każdym wynikiem
Percentyl według liczby udzielonych odpowiedzi
Twoja historia wyników
Nie rozwiązałeś tego quizu